000 01334nam a22002177a 4500
003 JO-AjAnu
005 20240625131800.0
008 231211b jo ||||| |||| 00| 0 ara d
040 _aJO-AjAnu
_bARA
_cJO-AjAnu
041 _aARA
050 _aHD38.7 2023
100 1 _aبني هاني، عبد الباسط محمد
_964910
_eمعد
245 0 0 _aادارة منظومات العمل الذكية واثرها على تنمية قدرات العاملين في دائرة الجمارك الاردنية = Management Of Smart Work Systems and Their Impact on Developing the Capabilities of Employee in the Jordanian Customs Department /
_b
_cاعداد عبد الباسط محمد بني هاني ؛ اشراف هشام علي شطناوي، قدري سليمان الشكري
260 _aعجلون، الاردن :
_bجامعة عجلون الوطنية،
_c2023
300 _a87 ورقة
504 _aرسالة جامعية (ماجستير) .- جامعة عجلون الوطنية (عجلون، الأردن)، كلية ادارة الاعمال، قسم ادارة الاعمال، 2023
650 7 0 _aادارة الاعمال - ذكاء الاعمال
_964917
700 1 _aشطناوي،هشام علي
_964865
_eمشرف
700 1 _aالشكري، قدري سليمان
_964918
_eمشرف
942 _2lcc
_cTHS
_n0
999 _c33272
_d33272